Régions de pays n°1 - Statistiques

Statistiques générales
  • Ce quiz a été pris 44 861 fois
  • Le résultat moyen est 13 sur 21
Statistiques - réponses
Région Pays % Correct
Toscane Italie
97%
Bretagne France
95%
Andalousie Espagne
93%
Bavière Allemagne
92%
Hollande Pays-Bas
89%
Hokkaidō Japon
81%
Wallonie Belgique
80%
Nouvelle-Angleterre Etats-Unis
78%
Terre-Neuve Canada
76%
Tasmanie Australie
72%
Cornouailles Royaume-Uni
61%
Sumatra Indonésie
60%
Mandchourie Chine
58%
Chiapas Mexique
46%
Kamtchatka Russie
46%
Anatolie Turquie
45%
Bohême République tchèque
39%
Gujarat Inde
36%
Jutland Danemark
35%
Ossétie du Sud Géorgie
32%
Luçon Philippines
17%
Aucun quiz correspondant
Distribution des résultats
% des personnes avec chaque résultat
Percentile par nombre de réponses
Votre historique - résultats
Vous n’avez pas pris ce quiz